000 00895aam a2200301 i 4500
001 768714001
003 CO-MdFUSB
005 20250510112436.0
007 ta
008 250510t1969 -us |||| |||| 00| 0 eng d
040 _cCO-MdFUSB
041 0 _aeng
082 0 4 _223
_a242.643
_bH7491g
100 1 _aHolmes, Marjorie (1910-)
_eautor
245 1 0 _aI've got to talk to somebody, God. :
_bno pat answers
_c/ Marjorie Holmes , Eugenia Price
264 1 _bGuideposts Associates,
_aCarmel, New York, USA :
_c[1969]
264 4 _c©1969
300 _a145 páginas
336 _atexto
_btxt
_2rdacontent
337 _2rdamedia
_asin mediación
_bn
338 _2rdacarrier
_avolumen
_bnc
563 _apasta dura
650 0 _aMujeres
_xAspectos religiosos
_xCristianismo
_9326
700 _aPrice, Eugenia,
_911449
_eautor
942 _cBK
945 _aJTF-925
999 _c35526
_d35526